000 00330nam a2200145Ia 4500
008 150301s2015 xx 000 0 und d
082 _a615.19
_bC15D
100 _aJ. DHARUMAN
245 _aCHEMISTRY OF SYNTHATIC DNUGS
250 _a3RD
260 _bAITBS DELHI
300 _a312
650 _aPHARMACEUTICS
942 _2ddc
_cBK
999 _c7214
_d7214